00843 2200289 4500001002100000005001500021035002500036040001200061100002300073245010200096250001100198300004100209020002200250082001000272084001600282260003300298650001700331700002800348850001000376008004100386990002500427990002500452990002000477990002000497990001600517990002000533INLIS00000000000000320260407031751 a0010-111500000000003 aSBPUPAD0 aSheila Gondowijoyo1 aBack to the kitchen :bAnyone Can Cook Asian /cSheila Gondowijoyo;editor Theresia Arie Prabawati a.-Ed.1 aiv+102 hlm. :bilus. ;c20 cm.e1 CD a978-979-29-1599-0 a641.5 a641.5 SHE b a.--Yogyakarta :bANDI,c2010 4aMasakan Asia0 aTheresia Arie Prabawati aPUPAD260407 0  a14772/BR/KAPD-PDG/14 a14774/BR/KAPD-PDG/14 a27.236/H/DPK/18 a27.233/H/DPK/18 a14775/BR.14 a27.235/H/DPK/18